00578nam a2200109Ia 4500008004100000245015900041260000900200300013800209650003000347999001900377952007200396180130s9999 xx 000 0 und d cBelardo, Salvatore M.; Kavanagh, Michael J.aProject management and human resource management advice for human resource information systems implementation c2015 aBook title: Human resource information systems : basics, applications, and future directions /--Acession number C17426; pages 210-235 aHUMAN RESOURCE MANAGEMENT c353668d353668 001040aCLbCLd2018-01-30l0r2018-01-30 00:00:00w2018-01-30yBC